LEADER 01112nam a2200265 i 4500 001 000000132747 003 CaOOAMICUS 005 20041216000000.0 008 041216s1997 it u000 u ita u 013 $a105756 020 $a88-17-84151-9 040 $aSeMil$bita 100 1 $aSeverino, Emanuele,$d<1929-2020>.$0(OLS)http://semarc/name/6834 245 13$aLa Follia dell'Angelo :$bConversazioni intorno alla filosofia /$cEmanuele Severino ; a cura di Ines Testoni. 260 $aMilano :$bRizzoli,$c1997. 300 $a286 p. ;$c23 cm. 500 $aContiene : Riferimenti bibliografici. 650 4$aFilosofia.$0(OLS)http://semarc/subject/212 700 1 $aTestoni, Ines.$0(OLS)http://semarc/name/54617 850 $aSeMil 852 $aSeMil$W1$xVenegono$y1$m78 102 *$j86649$B86649$CSeMilBibl$Z2$F90434 $81 961 $aLascito: Cornati don Dario 996 $6020$a88-17-84151-9$9(OLS)http://semarc/number/119845 996 $6245$aLa Follia dell'Angelo :$bConversazioni intorno alla filosofia$9(OLS)http://semarc/title/194919 996 $6260$aMilano :$bRizzoli$9(OLS)http://semarc/publisher/29824 LEADER 00869nam a2200241 i 4500 001 000000098659 003 CaOOAMICUS 005 20190225171525.0 008 180830s1959 xx u000 u und u 013 $a70811 040 $aSeMil$bita 100 1 $aPavese, Cesare,$d<1908-1950>.$0(OLS)http://semarc/name/8328 245 10$aFuoco grande /$cCesare Pavese, Bianca Garufi. 260 $aTorino :$bEinaudi,$c1959. 300 $a105 p. ;$c20 cm 490 0 $aI coralli ;$v100 700 1 $aGarufi, Bianca.$0(OLS)http://semarc/name/42743 830 2$aI coralli ;$v100.$0(OLS)http://semarc/title/6904 850 $aSeMil 852 $aSeMil$W1$xVenegono$y1$m1A III 135$j213260$B56412$CSeMilBibl$Z2$F66170 $81 996 $6245$aFuoco grande$9(OLS)http://semarc/title/146478 996 $6260$aTorino :$bEinaudi$9(OLS)http://semarc/publisher/29884